| 000 | 00761nam a2200229Ia 4500 | ||
|---|---|---|---|
| 001 | 469 | ||
| 003 | GE_BSU | ||
| 008 | 181216s||||||||xx |||||||||||||| ||und|| | ||
| 020 | _a9789941905964 | ||
| 040 | _cGE_BSU | ||
| 080 | _a351.85+008+7 | ||
| 100 | _aდავითულიანი, დილავარდისა | ||
| 245 | _aკულტურის ეკონომიკა დამხმარე სახელმძრვანელო | ||
| 245 | _cრედ:მალაშხია გიორგი | ||
| 260 | _aთბილისი | ||
| 260 | _b,,კენტავრი'' | ||
| 260 | _c2009 | ||
| 300 | _a151გვ. | ||
| 541 | _h5 ლ. | ||
| 653 | _aკულტურის ეკონომიკა; | ||
| 942 | _cBK | ||
| 999 |
_c34684 _d34684 |
||